[Event "Nis op"]
[Site "Nis"]
[Date "1993.??.??"]
[Round "?"]
[White "Cvetkovic, Srdjan"]
[Black "Vojinovic, Goran"]
[Result "1/2-1/2"]
[WhiteElo "2510"]
[BlackElo "2335"]

1.c4 c6 2.Nf3 d5 3.d4 Nf6 4.Qb3 e6 5.Bg5 h6 6.Bxf6 Qxf6 7.Nc3 Nd7 8.e3 Bd6
9.Bd3 O-O 10.O-O Qe7 11.e4 dxc4 12.Bxc4 e5 13.d5 b5 14.Bd3 Nc5 15.Qc2 b4
16.Na4 Nxa4 17.Qxa4 cxd5 18.exd5 Bb7 19.Nd2 Bxd5 20.Be4 Bxe4 21.Nxe4 Bc5
22.Nxc5 Qxc5 23.Rac1 Qd4 24.Rfd1 Qxb2 25.Rb1 Qa3 26.Rxb4 Qxa4 27.Rxa4 Rfd8
28.Rxd8+ Rxd8 29.g3 Rd7 30.Kg2 h5 31.Kf3 f6 32.Ke4 Kf7 33.h4  1/2-1/2

[Event "Odorheiu Secuiesc"]
[Site "Odorheiu Secuiesc"]
[Date "1993.??.??"]
[Round "5"]
[White "Schwartzman, Gabriel"]
[Black "Wells, Peter K"]
[Result "1-0"]
[WhiteElo "2455"]
[BlackElo "2485"]

1.c4 c6 2.Nf3 d5 3.b3 Nf6 4.g3 Bg4 5.Bg2 Nbd7 6.Bb2 e6 7.O-O Bd6 8.d3 O-O
9.Nbd2 a5 10.a3 Re8 11.Qc2 Bh5 12.e4 dxe4 13.Nxe4 Nxe4 14.dxe4 Bxf3 15.Bxf3 Be5
16.Rfd1 Bxb2 17.Qxb2 Qc7 18.Rd2 e5 19.Rad1 Nc5 20.Qc3 Re7 21.Rd6 a4 22.bxa4 g6
23.h4 Re6 24.R6d2 h5 25.Qe3 Qe7 26.Bg2 Kg7 27.a5 Rxa5 28.Rd8 Rf6 29.Bh3 Ra4
30.Bf1 Ne6 31.R8d3 Qc5 32.Qxc5 Nxc5 33.Re3 Ra8 34.Bh3 Ra4 35.Bf1 Re6 36.Rd8 Kf6
37.Bh3 Re7 38.Rg8 Rxc4 39.Rf3+  1-0

[Event "Oviedo rapid"]
[Site "Oviedo"]
[Date "1993.??.??"]
[Round "3"]
[White "Suba, Mihai"]
[Black "Cruz Lopez Claret, Carlos"]
[Result "1-0"]
[WhiteElo "2500"]
[BlackElo "2290"]

1.c4 c6 2.Nf3 d5 3.e3 Nf6 4.Nc3 a6 5.Qb3 e6 6.a4 Nbd7 7.d4 Bd6 8.Be2 O-O
9.O-O Rb8 10.a5 Qe7 11.Rd1 Re8 12.Bd2 dxc4 13.Bxc4 e5 14.Ng5 Rf8 15.Nce4 Nxe4
16.Nxe4 b5 17.axb6 Rxb6 18.Qc2 c5 19.Ba5 exd4 20.Bxb6 Nxb6 21.Nxd6 Qxd6 22.exd4 cxd4
23.Bxa6 Be6 24.Ra5 Nd7 25.Qd2 Qb6 26.Bf1 Nc5 27.Rb5  1-0

[Event "Oviedo rapid"]
[Site "Oviedo"]
[Date "1993.??.??"]
[Round "7"]
[White "Suba, Mihai"]
[Black "Bronstein, David I"]
[Result "1-0"]
[WhiteElo "2500"]
[BlackElo "2395"]

1.c4 c6 2.Nf3 Nf6 3.Nc3 d5 4.e3 g6 5.d4 Bg7 6.Be2 O-O 7.O-O e6 8.Qc2 Nbd7
9.Rd1 Qe7 10.b3 b6 11.a4 a5 12.cxd5 exd5 13.Ba3 c5 14.Rac1 Bb7 15.Bb5 Rfc8
16.Qb1 Qe6 17.Ne2 Rd8 18.Nf4 Qe7 19.Bxd7 Nxd7 20.dxc5 Nxc5 21.Nd4 Rac8 22.Nb5 Qe4
23.Bb2 Nxb3 24.Rxc8 Rxc8 25.Bxg7 Qxb1 26.Rxb1 Kxg7 27.Nd6 Nd2 28.Rd1 g5 29.Nxc8 Bxc8
30.Nh5+ Kg6 31.Rxd2 Kxh5 32.Rxd5 Be6 33.Rb5 Bd7 34.Rxb6 Bxa4 35.Ra6 Bb3 36.Rxa5 Kg6
37.f3 h6 38.Kf2  1-0

[Event "Pardubice op"]
[Site "Pardubice"]
[Date "1993.??.??"]
[Round "4"]
[White "Vaulin, Alexander"]
[Black "Guliev, Sarhan"]
[Result "1-0"]
[WhiteElo "2500"]
[BlackElo "2465"]

1.c4 c6 2.g3 d5 3.Bg2 Nf6 4.Nf3 Bg4 5.Ne5 Bh5 6.cxd5 cxd5 7.Qa4+ Nbd7 8.Nc3 e6
9.g4 Bg6 10.h4 Bd6 11.d4 h6 12.Nxg6 fxg6 13.g5 hxg5 14.hxg5 Rxh1+ 15.Bxh1 Nh7
16.e4 dxe4 17.Bxe4 Nxg5 18.Bxg6+ Nf7 19.Be3 a6 20.Ne4 Be7 21.O-O-O b5 22.Qb3 Nf8
23.Bh5 Rc8+ 24.Kb1 Rc4 25.Nc5 Bxc5 26.dxc5 Qa8 27.Qd3 Rh4 28.Qe2 Rh1 29.Bf3 Rxd1+
30.Qxd1 Qc8 31.Qd4 Qd7 32.Qe4 Ke7 33.c6 Qd6 34.b4 Qc7 35.Bc5+ Ke8 36.Bg2 Qh2
37.f4 Qh5 38.c7 Qd1+ 39.Kb2 Qd2+ 40.Qc2 Qd7 41.Bxf8  1-0

[Event "Paris-ch"]
[Site "Paris"]
[Date "1993.??.??"]
[Round "9"]
[White "Manouck, Thierry"]
[Black "Anic, Darko"]
[Result "1/2-1/2"]
[WhiteElo "2300"]
[BlackElo "2415"]

1.c4 c6 2.Nf3 f5 3.Nc3 Nf6 4.Qc2 g6 5.e4 d6 6.d4 Bg7 7.Bd3 Na6 8.a3 fxe4
9.Nxe4 Nxe4 10.Bxe4 Bf5 11.O-O O-O 12.h3 Qd7 13.Re1 Rae8 14.Re2 Nc7 15.Be3 e6
16.Rae1 h6 17.b3 g5 18.Qd3 Rf7 19.Bd2 Ref8 20.Bxf5 Rxf5 21.Nh2 Qf7 22.f3 Qf6
23.Re4 d5 24.Re5 Qf7 25.R5e2 Qf6 26.Re5 Qd8 27.Rxf5 Rxf5 28.c5 Qf6 29.Be3 Qf8
30.a4 e5 31.Ng4 exd4 32.Bxd4 Bxd4+ 33.Qxd4 h5 34.Nf2 Qg7 35.Qxg7+ Kxg7 36.Nd3 Kf6
37.Kf2 h4 38.b4 Ne6 39.g3 hxg3+ 40.Kxg3 Nf4 41.Nf2 Nh5+ 42.Kg2 Rf4 43.Ng4+ Kf7
44.Ne5+ Kg7 45.b5 Rxa4 46.bxc6 bxc6 47.Nxc6 Nf4+ 48.Kf1 Rc4 49.Re7+ Kf6 50.Rxa7 Rxc5
51.Ra6 Kg7 52.Kf2 Rc2+ 53.Ke3 Rc3+ 54.Kf2 Rc2+ 55.Ke3 Re2+ 56.Kd4 Ne6+ 57.Kd3 Rh2
58.Ke3 Rxh3 59.Nd4 Nxd4 60.Kxd4 Rxf3 61.Kxd5 Re3 62.Kd4 Re1 63.Kd3 Kf7 64.Kd2 Re5
65.Kd3 Kg7 66.Rb6 Kh7 67.Ra6 Re8 68.Rb6 Kg7  1/2-1/2

[Event "World op"]
[Site "Philadelphia"]
[Date "1993.??.??"]
[Round "?"]
[White "Zlotnikov, Mikhail"]
[Black "Finegold, Benjamin"]
[Result "0-1"]
[WhiteElo "2395"]
[BlackElo "2490"]

1.c4 c6 2.Nf3 d5 3.b3 Nf6 4.Bb2 Bg4 5.e3 e6 6.Be2 Nbd7 7.O-O Bd6 8.d3 O-O
9.Nbd2 Re8 10.Rc1 e5 11.cxd5 cxd5 12.e4 Nb6 13.h3 Bh5 14.Re1 a5 15.a3 Qe7
16.Nb1 dxe4 17.dxe4 Nxe4 18.Bb5 Ng5 19.Bxe8 Bxf3 20.gxf3 Nxh3+ 21.Kf1 Qh4
22.Re2 Nf4 23.Ke1 Rd8 24.Nc3 Bf8 25.Qxd8 Ng2+ 26.Kd2 Qxd8+  0-1

[Event "World op"]
[Site "Philadelphia"]
[Date "1993.??.??"]
[Round "?"]
[White "Benjamin, Dan"]
[Black "Bonin, Jay R"]
[Result "0-1"]
[WhiteElo "2290"]
[BlackElo "2370"]

1.c4 c6 2.Nf3 Nf6 3.Nc3 d5 4.cxd5 cxd5 5.d4 Nc6 6.Bf4 Bg4 7.e3 e6 8.Bb5 Rc8
9.Qa4 Bxf3 10.gxf3 a6 11.Bd3 Nd7 12.a3 Nb6 13.Qc2 Qf6 14.Qb3 Qd8 15.Na4 Nxa4
16.Qxa4 Qa5+ 17.Qxa5 Nxa5 18.Ke2 Nb3 19.Rag1 g6 20.Be5 Rg8 21.h4 h5 22.Bb1 Be7
23.Ba2 Rc2+ 24.Kd3 Rxb2 25.Rb1 Rxa2 26.Rxb3 f6 27.Bg3 Rxa3 28.Rxa3 Bxa3 29.Ra1 Be7
30.Rb1 b5 31.Ra1 g5 32.Rxa6 gxh4 33.Bxh4 Kf7 34.Ra7 Rd8 35.e4 dxe4+ 36.fxe4 Ke8
37.e5 Bc5 38.Ra6 Rxd4+ 39.Ke2 Rxh4 40.Rxe6+ Kd7 41.Rxf6 Re4+ 42.Kd3 Rxe5
43.f4 Re3+ 44.Kd2 Rf3 45.Rf5 Kc6 46.Rxh5 Rxf4 47.Kc3 Rf3+ 48.Kc2 b4 49.Rh4 Kb5
50.Kb2 Ka4 51.Ka2 Rf2+ 52.Kb1 Ka3 53.Rh3+ b3 54.Rh1 Rg2  0-1

[Event "World op"]
[Site "Philadelphia"]
[Date "1993.??.??"]
[Round "?"]
[White "Olafsson, Helgi"]
[Black "Arnett, David A"]
[Result "1-0"]
[WhiteElo "2270"]
[BlackElo "2335"]

1.c4 c6 2.e4 d5 3.exd5 cxd5 4.cxd5 Nf6 5.Bb5+ Bd7 6.Bc4 Qc7 7.d3 b5 8.Bb3 g6
9.Nc3 Bg7 10.Nf3 O-O 11.O-O Qb7 12.Ng5 Na6 13.Nge4 Rac8 14.d6 Bc6 15.dxe7 Qxe7
16.Bg5 Bxe4 17.dxe4 Qe5 18.f4 Qc5+ 19.Kh1 b4 20.e5 bxc3 21.bxc3 Bh8 22.Rc1 Qb6
23.f5  1-0

[Event "US op"]
[Site "Philadelphia"]
[Date "1993.??.??"]
[Round "?"]
[White "Kaidanov, Grigory S"]
[Black "Finegold, Benjamin"]
[Result "1/2-1/2"]
[WhiteElo "2640"]
[BlackElo "2490"]

1.c4 c6 2.e4 d5 3.cxd5 cxd5 4.exd5 Nf6 5.Bb5+ Nbd7 6.Nc3 a6 7.Qa4 g6 8.Nf3 Bg7
9.O-O O-O 10.Bxd7 Bxd7 11.Qb3 b5 12.d4 a5 13.Bg5 b4 14.Bxf6 exf6 15.Ne4 Bg4
16.Nc5 a4 17.Nxa4 Bxf3 18.gxf3 f5 19.f4 Qd6 20.Rad1 Qxf4 21.Nb6 Rxa2 22.Qxa2  1/2-1/2

[Event "World op"]
[Site "Philadelphia"]
[Date "1993.??.??"]
[Round "6"]
[White "Zlotnikov, Mikhail"]
[Black "Alexopoulos, Georgios"]
[Result "1-0"]
[WhiteElo "2395"]
[BlackElo "2255"]

1.c4 c6 2.Nf3 d5 3.b3 Nf6 4.Bb2 Bg4 5.e3 Nbd7 6.Be2 e6 7.O-O Bd6 8.d4 Qb8
9.h3 Bh5 10.Nbd2 O-O 11.Nh4 Bxe2 12.Qxe2 Ne4 13.Nxe4 dxe4 14.f4 Be7 15.g3 f5
16.Kh2 g6 17.Rg1 Kf7 18.Rad1 Qc7 19.Ng2 h5 20.Nh4 Nf6 21.d5 cxd5 22.cxd5 exd5
23.Bxf6 Bxf6 24.Rxd5 Rac8 25.Nxf5 gxf5 26.Qxh5+ Kg7 27.g4 Qc2+ 28.Kh1  1-0

[Event "Podgorica"]
[Site "Podgorica"]
[Date "1993.??.??"]
[Round "2"]
[White "Drasko, Milan"]
[Black "Kosic, Dragan"]
[Result "1/2-1/2"]
[WhiteElo "2475"]
[BlackElo "2455"]

1.c4 c6 2.d4 d5 3.Nf3 Nf6 4.e3 e6 5.Bd3 Nbd7 6.Nbd2 Bd6 7.O-O O-O 8.e4 e5
9.cxd5 cxd5 10.exd5 exd4 11.Ne4 Nxe4 12.Bxe4 Nf6 13.Qxd4 Nxe4 14.Qxe4 Re8
15.Qd4 Bf5 16.Bg5 Qa5 17.Bd2 Qb5 18.Bc3 f6 19.Rfe1 Red8 20.Nh4 Bd7 21.Qe4 Re8
22.Qf3 Qc4 23.Nf5 Qf4 24.Nxd6 Qxd6 25.a3 a5 26.h3 b6 27.Bd2 Rxe1+ 28.Rxe1 Re8
29.Rxe8+ Bxe8 30.Bf4 Qd7 31.Qe3 b5 32.Qd4 Bf7 33.d6 a4 34.Bd2 Bc4 35.Bb4 Be6
36.f3 Bf7 37.Kf2 Be8 38.Qd5+ Qf7 39.Qc5 Bd7 40.g4 h6 41.Bc3 Qe6 42.Qd4 Qf7
43.f4 h5 44.f5 hxg4 45.hxg4 Qe8 46.Kg3 Qf7 47.Kf4 Qe8 48.Qd5+ Qf7 49.Ke4 Kf8
50.Kd4 g6 51.g5 fxg5 52.Qxf7+ Kxf7 53.fxg6+ Kxg6 54.Ke5 Kf7  1/2-1/2

[Event "Podgorica"]
[Site "Podgorica"]
[Date "1993.??.??"]
[Round "7"]
[White "Vaulin, Alexander"]
[Black "Kosic, Dragan"]
[Result "1/2-1/2"]
[WhiteElo "2515"]
[BlackElo "2455"]

1.c4 c6 2.e4 e6 3.Nf3 d5 4.exd5 exd5 5.cxd5 cxd5 6.Bb5+ Bd7 7.Qb3 Nf6 8.Nc3 a6
9.Bxd7+ Qxd7 10.O-O Nc6 11.d4 Na5 12.Qc2 Be7 13.Ne5 Qd8 14.Bg5 O-O 15.Qf5 Re8
16.Rfe1 Nc4  1/2-1/2

[Event "RUS-chT"]
[Site "Podolsk"]
[Date "1993.??.??"]
[Round "?"]
[White "Sandriev, R."]
[Black "Voitsekhovsky, Stanislav"]
[Result "0-1"]
[WhiteElo "2410"]
[BlackElo "2370"]

1.c4 c6 2.d4 d5 3.Nf3 Nf6 4.Qc2 g6 5.Bf4 Bg7 6.cxd5 cxd5 7.Bxb8 Rxb8 8.Qa4+ Bd7
9.Qxa7 O-O 10.Qa3 Ra8 11.Qb3 Qa5+ 12.Nbd2 Rfc8 13.e3 Ba4 14.Qa3 Bf8 15.Qd3 Rc2
16.b3 Rc3 17.Qb1 Bxb3 18.Be2 b5 19.O-O Bc4 20.Bxc4 dxc4 21.Ne4 Nxe4 22.Qxe4 b4
23.Ne5 b3 24.a4 e6 25.Qf3 f5 26.Qb7 Ra7 27.Qc8 Qa6 28.Qe8 b2 29.Rab1 Rb3
30.Nc6 Rf7 31.Qxe6 Rb6 32.d5 c3 33.a5 Rxc6 34.dxc6 c2 35.Rfc1 cxb1=Q 36.Rxb1 Qxa5
37.h4 Qa1  0-1

[Event "Rubinstein mem"]
[Site "Polanica Zdroj"]
[Date "1993.??.??"]
[Round "4"]
[White "Markowski, Tomasz"]
[Black "Kuczynski, Robert"]
[Result "1/2-1/2"]
[WhiteElo "2465"]
[BlackElo "2520"]

1.c4 c6 2.Nf3 d5 3.e3 Nf6 4.d4 Bg4 5.h3 Bh5 6.cxd5 Bxf3 7.Qxf3 cxd5 8.Bd3 Nc6
9.O-O e6 10.Nc3 Be7 11.Bd2 O-O 12.Rfc1 Rc8 13.Qd1 Bd6 14.a3 Qe7 15.f4 g6
16.Be1 Nd7 17.Na4 Rc7 18.b4 Rfc8 19.Rc2 Nd8 20.Rac1 Nb8 21.Nc5 b6 22.Na4 Rxc2
23.Rxc2 Rxc2 24.Qxc2 Qc7 25.Nc3 a6 26.Qa4 b5 27.Qb3 Ndc6 28.Ne2 Kg7 29.Qc2 Na7  1/2-1/2

[Event "Porz op29"]
[Site "Porz"]
[Date "1993.??.??"]
[Round "7"]
[White "Rudolph, Stefan"]
[Black "Bien, Stefan"]
[Result "0-1"]
[WhiteElo "2085"]
[BlackElo "1980"]

1.c4 c6 2.g3 d5 3.Bg2 Nf6 4.Nf3 Bf5 5.Qb3 Qb6 6.cxd5 Qxb3 7.axb3 Nxd5 8.Nc3 Nb4
9.O-O Bc2 10.Nd4 e5 11.Nxc2 Nxc2 12.Ra4 Nd7 13.f4 Bc5+ 14.e3 exf4 15.Re4+ Be7
16.Rfxf4 Ne1 17.Bf1 Nc5 18.d4 Nxe4 19.Nxe4 Nc2 20.d5 Rd8 21.dxc6 bxc6 22.Nf2 Nb4
23.Kg2 Na2 24.Rc4 Nxc1 25.Rxc1 Kd7 26.Bc4 f6 27.Nd3 Bd6 28.Kf3 Rhe8 29.Ba6 Rb8
30.Bc4 Re7 31.Ra1 Kc8 32.Rc1 Kb7 33.b4 Rbe8 34.b5 Rxe3+ 35.Kg2 c5 36.b3 Kb8
37.Nf4 Bxf4 38.gxf4 Rd8 39.Kf2 Re7 40.Rc2 Kb7 41.Be2 Kb6 42.Ra2 Rd4 43.Ra6+ Kb7
44.Bf3+ Kc8 45.b6 axb6 46.Rxb6 Rb4  0-1

[Event "Pula tt"]
[Site "Pula"]
[Date "1993.??.??"]
[Round "?"]
[White "Truta, Srecko"]
[Black "Petrov, Jole"]
[Result "1/2-1/2"]
[WhiteElo "2310"]
[BlackElo "2360"]

1.c4 c6 2.Nf3 d5 3.d4 e6 4.Nc3 dxc4 5.Ne5 b5 6.g3 Nf6 7.Bg2 Nd5 8.O-O Qc7
9.a4 Bb7 10.Nxd5 cxd5 11.axb5 Nd7 12.b3 Nxe5 13.dxe5 c3 14.Bf4 Be7 15.Qd3 O-O
16.Rfc1 Rfc8 17.Rc2 Bb4 18.Ra4 Ba5 19.Be3 Bb6 20.Bd4 Bxd4 21.Qxd4 Qc5 22.Qd3 Rc7
23.e3 Rac8 24.Bf1 Ba8 25.b4 Qe7 26.Qd4 f6 27.Ra3 fxe5 28.Qxe5 Qf6 29.f4 Qxe5
30.fxe5 d4 31.exd4 Be4 32.Rc1 c2 33.Bd3 Bxd3 34.Rxd3 Rc4 35.Rd2 Rxb4 36.Rdxc2 Rxc2
37.Rxc2 Rxb5 38.Rc8+ Kf7 39.Rc7+ Kg6 40.Rxa7 Rd5 41.Ra4 Kf5 42.Kg2 Ke4 43.Ra7 Kxd4
44.Rxg7 h5 45.Kh3 Rxe5 46.Kh4 Rf5 47.Rd7+ Ke4 48.Rh7 e5 49.Rxh5 Rxh5+ 50.Kxh5 Kd3  1/2-1/2

[Event "CRO-Cup"]
[Site "Pula"]
[Date "1993.??.??"]
[Round "5"]
[White "Bazaj Bockai, Snjezana"]
[Black "Mufic, Gracijela"]
[Result "1-0"]
[WhiteElo "2180"]
[BlackElo "2015"]

1.c4 c6 2.g3 d5 3.d4 Nf6 4.Bg2 Bf5 5.Nc3 e6 6.Nf3 Be7 7.O-O h6 8.cxd5 exd5
9.a3 O-O 10.b4 a6 11.Bf4 Nbd7 12.Na4 Be4 13.Qb3 Re8 14.Nc5 Nxc5 15.bxc5 Qc8
16.Ra2 Bd8 17.Rb2 Ra7 18.Ne5 Bxg2 19.Kxg2 Bc7 20.Qf3 Nd7 21.Nxf7 Bxf4 22.Qxf4 Rf8
23.Nd6 Qb8 24.Qg4 Nf6 25.Qe6+ Kh8 26.Rfb1 b5 27.Rb3 Qc7 28.Re3 Qd7 29.f3 a5
30.Qxd7 Rxd7 31.Re6 a4 32.h3 Kg8 33.e4 dxe4 34.fxe4 Rc7 35.Rf1 Rd8 36.Rd1 Rdd7
37.Rf1 Re7 38.Rxe7 Rxe7 39.Kf3 Kh7 40.Rd1 Rc7 41.Ke3 Kg8 42.Rf1 Re7 43.Kd3 Nd7
44.Kc3 Nb8 45.d5 cxd5 46.exd5 Na6 47.Kd4 b4 48.axb4 Nxb4 49.c6 a3 50.Kc5 Nc2
51.Nf5 Re8 52.d6 a2 53.d7 Ra8 54.c7 a1=Q 55.Rxa1 Rxa1  1-0

[Event "Reykjavik op"]
[Site "Reykjavik"]
[Date "1993.??.??"]
[Round "2"]
[White "Stangl, Markus"]
[Black "Gretarsson, Helgi Ass"]
[Result "0-1"]
[WhiteElo "2505"]
[BlackElo "2370"]

1.c4 c6 2.Nf3 Nf6 3.d4 d5 4.Nc3 dxc4 5.a4 Bf5 6.e3 e6 7.Bxc4 Bb4 8.O-O Nbd7
9.Qe2 Bg6 10.e4 Bxc3 11.bxc3 Nxe4 12.Ba3 Qc7 13.Rfe1 O-O-O 14.Qb2 Rhe8 15.a5 Nd6
16.Bf1 Kb8 17.c4 c5 18.Re3 Ka8 19.Rb3 a6 20.Nh4 e5 21.dxc5 Nxc5 22.Re3 f6
23.Qb4 Ne6 24.Nxg6 hxg6 25.Qb1 Nf5 26.Rb3 Nfd4 27.Rb6 Nf4 28.Ra2 e4 29.Rab2 Rh8
30.Rxa6+ bxa6 31.Qxe4+ Nc6 32.Rb6 Ne2+  0-1

[Event "ISD-FRA"]
[Site "Reykjavik"]
[Date "1993.??.??"]
[Round "4"]
[White "Renet, Olivier"]
[Black "Thorsteins, Karl"]
[Result "1/2-1/2"]
[WhiteElo "2535"]
[BlackElo "2480"]

1.c4 c6 2.e4 d5 3.exd5 cxd5 4.d4 Nf6 5.Nc3 e6 6.Nf3 Bb4 7.cxd5 Nxd5 8.Qc2 Nc6
9.Be2 O-O 10.O-O Be7 11.Rd1 Qd6 12.a3 Bd7 13.Bd3 h6 14.Ne4 Qc7 15.b4 Rac8
16.Qb3 Qb6 17.Nc5 Rfd8 18.Bb2 Be8 19.Rac1 a6 20.g3 Bf6 21.Be4 a5 22.Bxd5 Rxd5
23.Na4 Qd8 24.b5 Nxd4 25.Bxd4 Rxc1 26.Rxc1 Bxd4 27.Nxd4 Rxd4 28.Nc3 b6 29.a4 Qd6
30.Rd1 e5 31.Rxd4 Qxd4 32.Nd5 Bd7 33.Ne7+ Kf8 34.Nc6 Qd6 35.Qc3 f6 36.h4 Qd1+
37.Kh2 Qe2 38.Kg2 Bf5 39.Qa3+ Kf7 40.Qb3+ Kf8 41.Qa3+ Kf7 42.Qb3+ Kf8 43.Qa3+  1/2-1/2

[Event "Reykjavik op"]
[Site "Reykjavik"]
[Date "1993.??.??"]
[Round "5"]
[White "Bischoff, Klaus"]
[Black "Stangl, Markus"]
[Result "1/2-1/2"]
[WhiteElo "2505"]
[BlackElo "2505"]

1.c4 c6 2.Nf3 d5 3.e3 Nf6 4.Nc3 e6 5.b3 Nbd7 6.Qc2 Bd6 7.Bb2 O-O 8.Be2 dxc4
9.bxc4 e5 10.O-O Re8 11.d4 exd4 12.exd4 Nf8 13.h3 Ng6 14.Rfe1 Be6 15.Bf1  1/2-1/2

[Event "ISD-FRA"]
[Site "Reykjavik"]
[Date "1993.??.??"]
[Round "6"]
[White "Chabanon, Jean Luc"]
[Black "Thorsteins, Karl"]
[Result "0-1"]
[WhiteElo "2425"]
[BlackElo "2480"]

1.c4 c6 2.d4 d5 3.Nf3 Nf6 4.Nc3 dxc4 5.a4 Bf5 6.e3 e6 7.Bxc4 Bb4 8.O-O Nbd7
9.Nh4 O-O 10.h3 Bg6 11.Nxg6 hxg6 12.Qc2 Qe7 13.a5 Rac8 14.Rd1 Rfd8 15.Bd2 c5
16.Qb3 cxd4 17.exd4 Nb8 18.Nb5 Bxd2 19.Rxd2 a6 20.Nc3 Nc6 21.d5 Qc5 22.Qxb7 Nxa5
23.Rxa5 Qxa5 24.dxe6 Rxc4 25.Qxf7+ Kh7 26.Re2 Qc7 27.g4 Qxf7 28.exf7 Rf8
29.Re7 g5 30.Ra7 Kg6 31.Rxa6 Rxf7 32.Nd5 Kh7 33.Ne3 Rb4 34.h4 Nxg4 35.hxg5 g6
36.Nd5 Rxb2 37.Ra4 Rd2 38.Nf4 Nxf2 39.Ng2 Nh3+ 40.Kh2 Nf4 41.Kh1 Nxg2  0-1

[Event "ISD-FRA"]
[Site "Reykjavik"]
[Date "1993.??.??"]
[Round "6"]
[White "Dorfman, Josif D"]
[Black "Thorhallsson, Throstur"]
[Result "1-0"]
[WhiteElo "2580"]
[BlackElo "2430"]

1.c4 c6 2.d4 d5 3.Nc3 Nf6 4.cxd5 cxd5 5.Bf4 Nc6 6.e3 Bf5 7.Nf3 e6 8.Qb3 Bb4
9.Bb5 O-O 10.O-O Bxc3 11.Qxc3 Ne4 12.Qa3 Qb6 13.Bxc6 Qxc6 14.Ne5 Qb5 15.f3 Nf6
16.Rac1 Nh5 17.Rc5 Qe2 18.Qc3 f6 19.Re1 Nxf4 20.exf4 Qa6 21.Ng4 Qd6 22.g3 Rae8
23.Ne3 Bg6 24.Kf2 Bf7 25.b4 Re7 26.a3 Rfe8 27.Rc8 h5 28.Rc1 Qa6 29.Rc5 Qd6
30.Qd3 Qd7 31.Qc2 Qd6 32.Kg2 g6 33.Qd3 Kg7 34.R1c2 Kh6 35.h4 e5 36.dxe5 fxe5
37.Nc4 Qxc5 38.bxc5 dxc4 39.Qe3 exf4 40.Qxf4+ Kh7 41.Kf2 Kg8 42.g4 hxg4 43.Qxg4 Re5
44.h5 Rxh5 45.Rxc4 Rh2+ 46.Kg3 Ree2 47.Qc8+ Kg7 48.Re4 Rb2 49.Rb4 Rbg2+ 50.Kf4 g5+
51.Kf5 Bg6+ 52.Ke5 Re2+ 53.Kd6 Rd2+ 54.Kc7 Rh8 55.Qg4 Rd5 56.Kxb7 Rxc5 57.Qd4+  1-0

[Event "Sala op"]
[Site "Sala"]
[Date "1993.??.??"]
[Round "10"]
[White "Ruckschloss, Karol"]
[Black "Pcola, Pavel"]
[Result "1/2-1/2"]
[WhiteElo "2285"]
[BlackElo "2275"]

1.c4 c6 2.d4 d5 3.e3 Nf6 4.Nc3 g6 5.Nf3 Bg7 6.cxd5 cxd5 7.Bb5+ Bd7 8.Qb3 Bxb5
9.Qxb5+ Qd7 10.Ne5 Qxb5 11.Nxb5 Na6 12.Bd2 Nd7 13.Bc3 f6 14.Nd3 Kf7 15.Rc1 Rhc8
16.Bd2 Rxc1+ 17.Bxc1 Bf8 18.f4 e6 19.Bd2 Ndb8 20.Ke2 Nc6 21.a3 Rc8 22.b4 Nc7
23.Nc3 Ne8 24.b5 Nb8 25.a4 Nd7 26.a5 Nd6 27.Ra1 Ne4 28.Rc1 Ba3 29.Nxe4 Rxc1
30.Bxc1 Bxc1 31.Nd6+ Ke7 32.Nxb7 Ba3 33.Kd2 Bd6 34.Kc3 Bc7 35.Nb4 Nb8 36.b6 axb6
37.a6 Nxa6 38.Nxa6 Kd7 39.Nbc5+ bxc5 40.Nxc5+ Ke7 41.Kb4 g5 42.fxg5 fxg5
43.h3 Bg3  1/2-1/2

[Event "San Fernando op"]
[Site "San Fernando"]
[Date "1993.??.??"]
[Round "2"]
[White "Ricardi, Pablo"]
[Black "Bulcourf, Carlos"]
[Result "1-0"]
[WhiteElo "2480"]
[BlackElo "2295"]

1.c4 c6 2.d4 d5 3.cxd5 cxd5 4.Nf3 Nc6 5.Nc3 Nf6 6.Bf4 Bg4 7.e3 Bxf3 8.Qxf3 e6
9.Bd3 Be7 10.Rc1 Rc8 11.O-O O-O 12.g4 g6 13.h3 Kg7 14.Kg2 h5 15.Ne2 hxg4
16.hxg4 Bd6 17.Bg5 Rh8 18.Rh1 Qe7 19.Ba6 Rcg8 20.Bxb7 Nd8 21.Ba6 e5 22.Nc3 Qe6
23.Bc8 e4 24.Qxf6+ Qxf6 25.Bxf6+ Kxf6 26.Nxd5+ Kg5 27.f4+ exf3+ 28.Kxf3 Ne6
29.Bxe6 fxe6 30.Nf4 Kf6 31.Rxh8 Rxh8 32.Rc6 Bxf4 33.exf4 Rh2 34.d5 Rxb2 35.Rxe6+ Kf7
36.Ra6 Rb7 37.Ke4 Re7+ 38.Kd4 Rb7 39.g5 Re7 40.Kc5 Rd7 41.Rf6+ Kg7 42.d6  1-0

[Event "San Fernando op"]
[Site "San Fernando"]
[Date "1993.??.??"]
[Round "7"]
[White "Quinteros, Miguel A"]
[Black "Sorokin, Maxim"]
[Result "0-1"]
[WhiteElo "2505"]
[BlackElo "2490"]

1.c4 c6 2.g3 d5 3.Bg2 Nf6 4.Qa4 Nbd7 5.cxd5 cxd5 6.Nc3 e6 7.d4 Bd6 8.Nh3 O-O
9.Bf4 Be7 10.O-O a6 11.Rfc1 Qb6 12.Qd1 Nb8 13.Na4 Qa7 14.Rc7 Bd7 15.Nc5 Bxc5
16.Rxc5 Nc6 17.Rac1 Rfc8 18.e3 b6 19.R5c3 Ne8 20.g4 Ne7 21.Ng5 h6 22.Nf3 Rxc3
23.Rxc3 Rc8 24.Qc2 Rxc3 25.Qxc3 Qb7 26.Ne5 Bb5 27.b3 a5 28.h3 Qc8 29.Qxc8 Nxc8
30.Nf3 Kf8 31.Nd2 Ke7 32.f3 Na7 33.Nb1 Nc6 34.Nc3 Bd3 35.Kf2 b5 36.Ke1 b4
37.Kd2 Ba6 38.Na4 f6 39.Bg3 Bb5 40.Nc5 g5 41.f4 Nd6 42.h4 Nb8 43.fxg5 fxg5
44.hxg5 hxg5 45.e4 Bc6 46.e5 Nf7 47.Bf1 Nd7 48.Nxd7 Bxd7 49.Bf2 Kf8 50.Be3 Kg7
51.Kc1 Kh6 52.a3 Nd8 53.axb4 axb4 54.Bd3 Nc6 55.Bf2 Na7 56.Ba6 Bb5 57.Bb7 Be2
58.Be1 Nb5 59.Kd2 Bxg4 60.Ke3 Na3 61.Kd2 Bf5 62.Ba6 Nc2 63.Bf2 Na1 64.Ke3 Nxb3
65.Be1 Na1  0-1

[Event "San Isidoro op"]
[Site "San Isidoro"]
[Date "1993.??.??"]
[Round "7"]
[White "Giardelli, Sergio C"]
[Black "De las Heras, Juan Carlos"]
[Result "1-0"]
[WhiteElo "2425"]
[BlackElo "2325"]

1.c4 c6 2.d4 d5 3.Nc3 e6 4.Nf3 f5 5.g3 Nf6 6.Bg2 Be7 7.O-O O-O 8.b3 b6 9.Bb2 Ba6
10.Ne5 Bd6 11.Rc1 Bb7 12.Qc2 Bxe5 13.dxe5 Ng4 14.cxd5 exd5 15.h3 Nh6 16.f4 Na6
17.Ba3 Re8 18.Rfd1 Qc8 19.Qd3 Qe6 20.e3 Nc7 21.Bd6 Na6 22.b4 Qg6 23.b5 cxb5
24.Kh2 Kh8 25.Nxb5 Rac8 26.Nxa7 Nc5 27.Bxc5 Rxc5 28.Rxc5 bxc5 29.Qb5 Ba6
30.Qxc5 Bc4 31.a3 Rb8 32.Nc8 Qh5 33.Qf8+ Ng8 34.Rd2 d4 35.exd4 Qg6 36.Qc5 Rb3
37.g4 Qh6 38.Rf2 Be6 39.gxf5 Qh4 40.Kg1 Rb1+ 41.Rf1 Rxf1+ 42.Bxf1 Qg3+  1-0

[Event "San Sebastian op"]
[Site "San Sebastian"]
[Date "1993.??.??"]
[Round "?"]
[White "Ubilava, Elizbar"]
[Black "Mellado Trivino, Juan"]
[Result "1/2-1/2"]
[WhiteElo "2530"]
[BlackElo "2410"]

1.c4 c6 2.d4 d5 3.Nc3 dxc4 4.Nf3 Nf6 5.a4 Bg4 6.Ne5 Bh5 7.Nxc4 e6 8.g3 Bb4
9.Bg2 Nd5 10.Qb3 O-O 11.e3 c5 12.O-O Nc6 13.dxc5 Bxc5 14.Bd2 Ndb4 15.a5 Qe7
16.Ne4 Rad8 17.Nxc5 Qxc5 18.Ra4 Be2 19.Bxb4 Qxc4 20.Qxc4 Bxc4 21.Bxf8 Bxf1
22.Kxf1 Kxf8 23.Ke2 Rd6 24.h4 Ke7 25.h5 f5 26.f4 Kd7 27.Bf3 Kc7 28.Rc4 Kd7
29.Rc5 b5 30.axb6 axb6 31.Rc3 e5 32.Bg2 e4 33.g4 g6 34.Bh3 Ne7 35.Ra3 Rc6
36.Kd2 Rd6+ 37.Ke2 Rc6 38.Kd1 Rd6+ 39.Ke1 Rc6 40.Kd1 Rd6+ 41.Kc1 Rc6+ 42.Kb1 Rd6
43.Ra7+ Ke8 44.hxg6 hxg6 45.gxf5 gxf5 46.Kc2 Rd3 47.Ra3 Rxa3 48.bxa3 Kd7
49.Kc3 Kc6 50.Kd4 Kd6 51.Bf1 Nc6+ 52.Kc4 Ne7 53.Be2 Kc6 54.Bh5 Kd6 55.Bf7 Kc6
56.Be8+ Kd6 57.Kd4 Ke6 58.Bb5 Kd6 59.Ba4 Nd5 60.Bb3 Ne7 61.Bf7 Nc6+ 62.Kc4 Ne7
63.Kb5 Kc7 64.Be6 Kd6 65.Bb3 Kc7 66.Ba2 Nc8 67.Be6 Ne7 68.Ba2 Nc8 69.Bg8 Ne7
70.Bb3 Nc8 71.a4 Ne7  1/2-1/2

[Event "Wuerttemberg-ch"]
[Site "Schramberg"]
[Date "1993.??.??"]
[Round "6"]
[White "Banaszek, Marcin"]
[Black "Hoffmann, Hans"]
[Result "1/2-1/2"]
[WhiteElo "2295"]
[BlackElo "2255"]

1.c4 c6 2.d4 d5 3.Nf3 Nf6 4.cxd5 cxd5 5.Nc3 Nc6 6.Bf4 e6 7.e3 Bd6 8.Bxd6 Qxd6
9.Bd3 O-O 10.O-O Ne8 11.a3 f5 12.b4 Nf6 13.b5 Nd8 14.Ne5 Nf7 15.f4 Ne4 16.Nxe4 fxe4
17.Be2 Bd7 18.Qb3 Nxe5 19.fxe5 Qe7 20.a4 Rxf1+ 21.Rxf1 Rc8 22.Qb2 b6 23.Ra1 Qg5
24.Qd2 Qd8 25.Rf1 Qe7 26.h3 Qa3 27.Bd1 h6 28.Bh5 Rf8 29.Rxf8+ Qxf8 30.Qc3 Qc8
31.Qa3 Qf8 32.Qb2 Be8 33.Bg4 Bd7 34.Kh2 Qc8 35.Kg3 Qf8 36.h4 Qd8 37.Qc3 Qc8
38.Qa3 Qf8 39.Qb2 Qd8 40.Qb4 Qf8 41.Qb2 Qd8 42.Be2 Kf7 43.Bh5+ Kg8 44.Qa3 Qf8
45.Qd6 Qxd6 46.exd6 Kf8 47.Be2 Kf7 48.Kf4 Kf6 49.h5 Be8  1/2-1/2

[Event "Sitges op"]
[Site "Sitges"]
[Date "1993.??.??"]
[Round "5"]
[White "Suba, Mihai"]
[Black "Kuijf, Marinus"]
[Result "0-1"]
[WhiteElo "2500"]
[BlackElo "2445"]

1.c4 c6 2.e4 d5 3.exd5 cxd5 4.d4 Nf6 5.Nc3 Nc6 6.Bg5 e6 7.cxd5 exd5 8.Bb5 Be7
9.Nf3 O-O 10.Bxc6 bxc6 11.Ne5 Ba6 12.Nxc6 Qe8 13.Nxe7+ Qxe7+ 14.Be3 Qe6 15.h3 Ne4
16.Ne2 Rab8 17.b3 f5 18.g3 Rbe8 19.Qc1 Nxg3 20.Nxg3 f4 21.Nf1 Qe4 22.Rg1 Bxf1
23.Qc7 Re7 24.Qc5 Bxh3  0-1

[Event "St Martin op"]
[Site "St Martin"]
[Date "1993.??.??"]
[Round "4"]
[White "Olafsson, Helgi"]
[Black "Shabalov, Alexander"]
[Result "1-0"]
[WhiteElo "2515"]
[BlackElo "2575"]

1.c4 c6 2.e4 e6 3.Nc3 d5 4.exd5 exd5 5.cxd5 cxd5 6.Nf3 Nf6 7.Bb5+ Bd7 8.Qb3 Bxb5
9.Qxb5+ Qd7 10.Ne5 Qxb5 11.Nxb5 Na6 12.d4 Bb4+ 13.Ke2 O-O 14.Be3 Ne4 15.Rhc1 Nd6
16.a4 Rfd8 17.Rc2 Ba5 18.Nc6 bxc6 19.Rxc6 Nxb5 20.Rxa6 Bb6 21.axb5 Rac8 22.Kd3 Rc4
23.R6a4 Rdc8 24.R1a3 f5 25.Bd2 Rc2 26.Rb4 Kf7 27.Rc3 R8xc3+ 28.bxc3 Ra2 29.Rb1 Kf6
30.h4 h6 31.h5 Bc7 32.g3 Ba5 33.f3 Bc7 34.Bf4 Ba5 35.Re1 Rb2 36.Re8 Rxb5
37.Rf8+ Ke6 38.Be5 Rb3 39.Rc8 Ra3 40.Bxg7 Kd7 41.Rc5 Bb4 42.Rxd5+ Ke6 43.Kc4 Ba5
44.Re5+ Kf7 45.Bxh6 Rxc3+ 46.Kb5 Bb6 47.Rxf5+ Ke6 48.Re5+ Kf7 49.Be3 Bc7
50.Rc5  1-0